Lecciones preliminares de filosofía
Saved in:
| Hovedforfatter: | |
|---|---|
| Format: | Bog |
| Sprog: | spansk |
| Udgivet: |
Buenos Aires
Losada
1962
|
| Udgivelse: | 8a. ed |
| Serier: | Biblioteca Filosófica
|
| Fag: | |
| Tags: |
Tilføj Tag
Ingen Tags, Vær først til at tagge denne postø!
|
MARC
| LEADER | 00000nam a2200000 a 4500 | ||
|---|---|---|---|
| 001 | UCK5201 | ||
| 003 | CL-VaPUC | ||
| 008 | 050715e19620000AG |||||||||||||||||spa|d | ||
| 082 | 0 | 4 | |a 100 |b GAR |2 21 |
| 100 | |a García Morente, Manuel |e autor |9 347175 | ||
| 245 | 1 | 0 | |a Lecciones preliminares de filosofía |
| 250 | |a 8a. ed | ||
| 300 | |a 409 p | ||
| 942 | |c BK | ||
| 945 | |d 20050715 00:00:00 |a cmena | ||
| 260 | |a Buenos Aires |b Losada |c 1962 | ||
| 650 | 0 | |a Filosofía |9 223554 | |
| 650 | 0 | |a Escuelas filosóficas |9 266232 | |
| 650 | 0 | |a Historia de la filosofía |9 256920 | |
| 583 | |a last modification |c 20050715 00:00:00 |k Rodrigo Vera | ||
| 490 | 0 | |a Biblioteca Filosófica | |
| 999 | |c 313835 |d 313833 | ||